Ułatwenia w zawieraniu transakcji za pomocą euro w handlu zagranicznym

Saved in:
Bibliographic Details
Main Author: Rutkowska, Małgorzata
Format: Book Chapter
Language:Polish
Tags: Add Tag
No Tags, Be the first to tag this record!

MARC

LEADER 00000naa a2200000 4500
001 0151349
005 20220713115627.7
041 0 |a pol 
044 |a PL 
245 1 0 |a Ułatwenia w zawieraniu transakcji za pomocą euro w handlu zagranicznym  |c Małgorzata Rutkowska 
100 1 |a Rutkowska, Małgorzata